Socio-economic background of the convicts : (Record no. 20276)

MARC details
000 -LEADER
fixed length control field 00422nam a2200133Ia 4500
082 ## - DEWEY DECIMAL CLASSIFICATION NUMBER
Classification number RM.0005
100 ## - MAIN ENTRY--AUTHOR NAME
Personal name Mohanty, Samarendra
245 #0 - TITLE STATEMENT
Title Socio-economic background of the convicts :
Sub Title A survey of the prison population in Orissa
260 ## - PUBLICATION, DISTRIBUTION, ETC. (IMPRINT)
Year of publication 1987
Name of publisher ICSSR, New Delhi
300 ## - PHYSICAL DESCRIPTION
Number of Pages 6, 196p.
650 ## - SUBJECT ADDED ENTRY--TOPICAL TERM
Topical Term PRISONERS - ORISSA
710 ## - ADDED ENTRY--CORPORATE NAME
Corporate name or jurisdiction name as entry element Sambalpur University, Department of Anthropology and Sociology
942 ## - ADDED ENTRY ELEMENTS (KOHA)
Koha item type Research Reports
Source of classification or shelving scheme Dewey Decimal Classification
Holdings
Withdrawn status Lost status Damaged status Not for loan Collection code Home library Current library Date acquired Bill Date Full call number Accession Number Price effective from Koha item type
        Major Research Project Reports NASSDOC Library NASSDOC Library 08/10/2004 2004-10-22 RM.0005 27004 18/04/2019 Research Reports